000 00642nam a2200217 a 4500
999 _c5058
_d5058
001 5058
003 BD-JhCC
005 20171207190411.0
008 171207s1998 BG |||| ||a| 000 0 ben d
035 _a(BD-JhCC) 5058
040 _aBD-JhCC
_dBD-JhCC
041 _aeng
082 _a920
_bRAH 1998
100 _aরহমান, সৈয়দ আতিকুর
245 _aনেপোলিয়ন বোনাপার্ট /
_cসৈয়দ আতিকুর রহমান,
260 _aঢাকা :
_bঅবসর ,
_c1998
300 _a88 p .:
_c22 cm .
650 _aBiography
942 _2ddc
_cBK